000 00595nam a2200229Ia 4500
003 OSt
005 20220928105700.0
006 a|||||r|||| 00| 0
007 ta
008 220927b |||||||| |||| 00| 0 eng d
024 _a97741
037 _cTextual
040 _aSDCL
_cSDCL
_beng
041 _2eng
_aeng
082 _a4:(P152)'N6, N7
100 _aChaturvedi Jagdish Prasad
_9416341
245 0 _aPatrakarita ke chhah dashak.
260 _c1997
300 _a380p.
_ccm.
942 _h4:(P152)'N6, N7
_cTEXL
_2CC
999 _c732270
_d732270